000 00261nam a22001217a 4500
020 _a0-7214-1542-3
082 _a823
_bDAL/H
100 _aDALY, AUDREY
245 _aHANSEL AND GRETEL
260 _aUK
_bLADYBIRD
650 _aENGLISH SHORT STORY
_zUK
942 _cBK
999 _c3961
_d3961